Geschichte der Völker und Kulturen (Record no. 5907)
[ view plain ]
| 000 -CABECERA | |
|---|---|
| campo de control de longitud fija | 00541nam a2200217 a 4500 |
| 001 - NÚMERO DE CONTROL | |
| campo de control | BRCA_6220 |
| 005 - FECHA Y HORA DE LA ÚLTIMA TRANSACCIÓN | |
| campo de control | 20190320205356.0 |
| 008 - DATOS DE LONGITUD FIJA--INFORMACIÓN GENERAL | |
| campo de control de longitud fija | 180711s1922----gw-#######---#000-0#ger-# |
| 041 ## - CÓDIGO DE LENGUA | |
| Código de lengua del texto/banda sonora o título independiente | ger |
| 044 ## - CÓDIGO DEL PAÍS DE LA ENTIDAD EDITORA/PRODUCTORA | |
| Código MARC del país | gw |
| 050 #4 - SIGNATURA TOPOGRÁFICA DE LA BIBLIOTECA DEL CONGRESO | |
| Número de clasificación | CB87 |
| Número de documento/Ítem | .R33 |
| -- | 1922 |
| 100 1# - ENTRADA PRINCIPAL--NOMBRE DE PERSONA | |
| Nombre de persona | Rachel, Hugo |
| Fechas asociadas al nombre | 1872- |
| 9 (RLIN) | 15633 |
| 245 10 - MENCIÓN DE TÍTULO | |
| Título | Geschichte der Völker und Kulturen |
| Mención de responsabilidad, etc. | Hugo Rachel. |
| 250 ## - MENCIÓN DE EDICIÓN | |
| Mención de edición | 2 |
| 260 ## - PUBLICACIÓN, DISTRIBUCIÓN, ETC. | |
| Lugar de publicación, distribución, etc. | Berlín |
| Nombre del editor, distribuidor, etc. | P. Parey |
| Fecha de publicación, distribución, etc. | 1922 |
| 300 ## - DESCRIPCIÓN FÍSICA | |
| Extensión | xii, 418 p. |
| Dimensiones | 25 cm. |
| 500 ## - NOTA GENERAL | |
| Nota general | K80 |
| 650 14 - PUNTO DE ACCESO ADICIONAL DE MATERIA--TÉRMINO DE MATERIA | |
| Término de materia o nombre geográfico como elemento de entrada | Civilización |
| Subdivisión general | Historia |
| 9 (RLIN) | 9808 |
| 902 ## - CATALOGADOR | |
| Iniciales | GFM |
| 942 ## - ELEMENTOS DE PUNTO DE ACCESO ADICIONAL (KOHA) | |
| Fuente del sistema de clasificación o colocación | Library of Congress Classification |
| Tipo de ítem Koha | Libros |
| Estado de retiro | Estado de pérdida | Estado dañado | No para préstamo | Localización permanente | Ubicación/localización actual | Fecha de adquisición | Número de inventario | Total de préstamos | Signatura topográfica completa | Código de barras | Fecha visto por última vez | Precio válido a partir de | Tipo de ítem Koha |
|---|---|---|---|---|---|---|---|---|---|---|---|---|---|
| El ejemplar forma parte de la colección y puede ser consultado según las políticas vigentes. | Biblioteca del Museo Franz Mayer (Rogerio Casas-Alatriste) | Biblioteca del Museo Franz Mayer (Rogerio Casas-Alatriste) | 18/07/2011 | K80 | CB87 .R33 1922 (K80) | 6659 | 22/03/2019 | 22/03/2019 | Libros |